00358nam a2200145Ia 4500003000400000005001700004008004100021040000900062082002000071100002200091245003300113260004400146300000900190650001300199OSt20211111095640.0190216s9999||||xx |||||||||||||| ||und|| coclc a894.8124bMAM/A aKumaran, Mampuzha 0aAnumanam /cMampuzha Kumaran bPoorna Publication, c1988.aKozhikode: a116p aLekhanam